Early Christian books in Egypt (Record no. 154823)

MARC details
000 -LEADER
fixed length control field 00738nam a2200229Ia 4500
008 - FIXED-LENGTH DATA ELEMENTS--GENERAL INFORMATION
fixed length control field 191130s2009##################000#0#eng##
020 ## - INTERNATIONAL STANDARD BOOK NUMBER
ISBN 9780691140261
082 ## - DEWEY DECIMAL CLASSIFICATION NUMBER
Classification number 276.201 BAG
100 ## - MAIN ENTRY--AUTHOR NAME
Personal name Bagnall, Roger S
245 ## - TITLE STATEMENT
Title Early Christian books in Egypt
Statement of responsibility, etc Roger S. Bagnall
260 ## - PUBLICATION, DISTRIBUTION, ETC. (IMPRINT)
Place of publication Princeton, NJ
Name of publisher Princeton University Press
Year of publication c2009
300 ## - PHYSICAL DESCRIPTION
Number of Pages xv, 109 p. : ill. ; 23 cm
500 ## - GENERAL NOTE
General note Includes bibliographical references (p. [99]-104) and index
650 ## - SUBJECT ADDED ENTRY--TOPICAL TERM
Topical Term Christian literature, Early - Egypt - Manuscripts
Topical Term Egypt - Church history
Topical Term Manuscripts (Papyri)
991 ## -
-- 114153
Holdings
Withdrawn status Lost status Damaged status Not for loan Home library Current library Shelving location Date acquired Full call number Accession Number Price effective from Koha item type
        Anna Centenary Library Anna Centenary Library 3RD FLOOR, B WING 12.10.2020 276.201 BAG 168694 12.10.2020 English Books

Find us on the map